[Event "8.Open B Week-End"]
[Site "Padova"]
[Date "2005.12.10"]
[Round "1.14"]
[White "Vastano, Ciro"]
[Black "Gennari, Leone"]
[Result "0-1"]
[WhiteElo "1682"]
[BlackElo "2038"]
[Annotator "Gabriele Ballarin"]
[PlyCount "74"]
[EventDate "2005.12.10"]
[EventType "swiss"]
[EventRounds "6"]
[EventCountry "ITA"]

1. d4 g6 2. Nf3 Bg7 3. Bg5 h6 4. Bf4 d6 5. e3 Nf6 6. Bd3 O-O 7. O-O Nbd7 8. Nbd2 c5 9. c3 Nh5 10. Bg3 Nxg3 11. hxg3 cxd4 12. exd4 Nf6 13. Ne4 Bg4 14. Re1 Rb8 15. Nxf6+ Bxf6 16. Qc2 Kg7 17. Nh4 b5 18. Bxg6 Bxh4 19. gxh4 fxg6 20. Qe4 Bf5 21. Qxe7+ Qxe7 22. Rxe7+ Rf7 23. Rae1 Kf6 24. R7e3 Rbb7 25. f3 h5 26. Kf2 Rfe7 27. Kg3 Rxe3 28. Rxe3 b4 29. Kf4 bxc3 30. bxc3 Rb2 31. g4 hxg4 32. fxg4 Bd7 33. g5+ Kf7 34. a3 Rh2 35. Ke4 Bc6+ 36. d5 Rxh4+ 37. Kd3 Bxd5 0-1

[Event "8.Open B Week-End"]
[Site "Padova"]
[Date "2005.12.10"]
[Round "1.15"]
[White "Zanin, Dario"]
[Black "Andolfatto, Biagio"]
[Result "1-0"]
[WhiteElo "2044"]
[BlackElo "1675"]
[Annotator "Gabriele Ballarin"]
[PlyCount "47"]
[EventDate "2005.12.10"]
[EventType "swiss"]
[EventRounds "6"]
[EventCountry "ITA"]

1. Nf3 Nf6 2. c4 c5 3. g3 e6 4. Bg2 Be7 5. O-O O-O 6. Nc3 d6 7. d4 Nc6 8. e4 cxd4 9. Nxd4 Bd7 10. Nc2 Qc8 11. b3 Rd8 12. Ba3 Be8 13. Qe2 a6 14. Na4 Qc7 15. Rac1 Nd7 16. Rfd1 Nc5 17. Nc3 Rab8 18. b4 Nd7 19. Ne3 Bf8 20. h3 g6 21. Kh2 Na7 22. f4 Bg7 23. Ned5 exd5 24. Nxd5 1-0

[Event "8.Open B Week-End"]
[Site "Padova"]
[Date "2005.12.10"]
[Round "1.16"]
[White "Vaglio, Alessandro"]
[Black "Quaranta, Cristiano"]
[Result "0-1"]
[WhiteElo "1661"]
[BlackElo "2026"]
[Annotator "Gabriele Ballarin"]
[PlyCount "82"]
[EventDate "2005.12.10"]
[EventType "swiss"]
[EventRounds "6"]
[EventCountry "ITA"]

1. c4 Nf6 2. Nc3 e6 3. g3 c5 4. Bg2 Nc6 5. d3 Be7 6. Nf3 O-O 7. O-O d5 8. cxd5 exd5 9. e3 Bg4 10. Qb3 Qd7 11. d4 c4 12. Qc2 Nb4 13. Qb1 Bf5 14. Ne5 Qe6 15. e4 Nxe4 16. Nxe4 Bxe4 17. Bxe4 dxe4 18. Qxe4 f6 19. Qg4 Qxg4 20. Nxg4 Nc2 21. Rb1 Nxd4 22. a4 Rfd8 23. Ne3 Rac8 24. Rd1 Ne2+ 25. Kf1 Rxd1+ 26. Nxd1 Nd4 27. Be3 Nb3 28. Ke2 Bc5 29. Nc3 Bxe3 30. fxe3 Rd8 31. Rd1 Rxd1 32. Kxd1 Nc5 33. Kc2 Kf7 34. Nb5 a6 35. Nd6+ Ke6 36. Nxc4 Nxa4 37. b3 Nc5 38. b4 Nd7 39. h3 Kd5 40. Kd3 Ne5+ 41. Nxe5 Kxe5 0-1

[Event "8.Open B Week-End"]
[Site "Padova"]
[Date "2005.12.10"]
[Round "1.17"]
[White "Valentini, Paola"]
[Black "Menini, Luca"]
[Result "1-0"]
[WhiteElo "2004"]
[BlackElo "1652"]
[Annotator "Gabriele Ballarin"]
[PlyCount "73"]
[EventDate "2005.12.10"]
[EventType "swiss"]
[EventRounds "6"]
[EventCountry "ITA"]

1. c4 e5 2. Nc3 g6 3. g3 Bg7 4. Bg2 Nf6 5. d3 O-O 6. Nf3 Nc6 7. O-O d6 8. Rb1 a5 9. a3 Bd7 10. b4 axb4 11. axb4 Qc8 12. Bg5 Ne7 13. Qc1 Re8 14. c5 Bh3 15. Bxf6 Bxg2 16. Kxg2 Bxf6 17. cxd6 cxd6 18. Ne4 Qe6 19. Qc7 Nd5 20. Qxd6 Qxd6 21. Nxd6 Re6 22. Nxb7 Rc6 23. Rfc1 Rxc1 24. Rxc1 Nxb4 25. Rc4 Nd5 26. Nc5 Re8 27. Nd7 Kg7 28. Rc5 Nb4 29. Ndxe5 Bxe5 30. Rxe5 Rxe5 31. Nxe5 Kf6 32. d4 Nc2 33. e3 Ke6 34. h4 f6 35. Nd3 h6 36. Nf4+ Kf5 37. Kf3 1-0

[Event "8.Open B Week-End"]
[Site "Padova"]
[Date "2005.12.10"]
[Round "1.18"]
[White "Favero, Graziano"]
[Black "Moi, Roberto"]
[Result "0-1"]
[WhiteElo "1643"]
[BlackElo "1994"]
[Annotator "Gabriele Ballarin"]
[PlyCount "90"]
[EventDate "2005.12.10"]
[EventType "swiss"]
[EventRounds "6"]
[EventCountry "ITA"]

1. e4 e5 2. Nf3 Nf6 3. Bc4 Nxe4 4. Qe2 d5 5. d3 dxc4 6. Qxe4 Be7 7. dxc4 O-O 8. O-O Re8 9. Nc3 c6 10. Rd1 Qc7 11. Qxe5 Qxe5 12. Nxe5 Bf5 13. Nd3 Nd7 14. Be3 Bf6 15. Ne2 Nb6 16. Ng3 Bg4 17. Re1 Nxc4 18. h3 Nxe3 19. fxe3 Be6 20. c3 Bh4 21. Kh2 Rad8 22. Nf4 Bc4 23. Red1 Bxg3+ 24. Kxg3 Rxe3+ 25. Kf2 Rde8 26. b3 R3e4 27. Rd4 Rxd4 28. cxd4 Ba6 29. Re1 Rd8 30. d5 g5 31. Nh5 cxd5 32. Rd1 Rd6 33. Rxd5 Rxd5 34. Nf6+ Kg7 35. Nxd5 b6 36. b4 Bb7 37. Nc7 Bc6 38. b5 Bd7 39. a4 Bf5 40. Na6 Bc2 41. Nc7 Bxa4 42. Ke3 Bb3 43. Kd4 f5 44. Nd5 Kf7 45. Ke5 Bc4 0-1

[Event "8.Open B Week-End"]
[Site "Padova"]
[Date "2005.12.10"]
[Round "1.19"]
[White "Giuriato, Sergio"]
[Black "Alessi, Giovanni"]
[Result "1-0"]
[WhiteElo "1992"]
[BlackElo "1640"]
[Annotator "Gabriele Ballarin"]
[PlyCount "57"]
[EventDate "2005.12.10"]
[EventType "swiss"]
[EventRounds "6"]
[EventCountry "ITA"]

1. d4 d5 2. c4 e6 3. Nc3 Be7 4. Nf3 Nf6 5. Bg5 Nbd7 6. e3 b6 7. cxd5 Nxd5 8. Bxe7 Qxe7 9. e4 Nxc3 10. bxc3 Bb7 11. Bd3 Rd8 12. O-O O-O 13. Qe2 c6 14. e5 c5 15. Rfe1 Rfe8 16. Qe3 h6 17. Rad1 Rc8 18. Nd2 cxd4 19. cxd4 Rc3 20. Bh7+ Kxh7 21. Qxc3 Rc8 22. Qd3+ g6 23. Ne4 Bd5 24. Rc1 Rxc1 25. Rxc1 Bxa2 26. Qe3 a5 27. Rc7 Qd8 28. Rxd7 Qf8 29. Nd6 1-0

[Event "8.Open B Week-End"]
[Site "Padova"]
[Date "2005.12.10"]
[Round "1.20"]
[White "Boni, Gianni"]
[Black "Marson, Luca"]
[Result "0-1"]
[WhiteElo "1640"]
[BlackElo "1972"]
[Annotator "Gabriele Ballarin"]
[PlyCount "48"]
[EventDate "2005.12.10"]
[EventType "swiss"]
[EventRounds "6"]
[EventCountry "ITA"]

1. b3 Nf6 2. Bb2 Nc6 3. Nf3 d6 4. e3 e5 5. Bb5 Bd7 6. d3 a6 7. Bxc6 Bxc6 8. Nbd2 Be7 9. Qe2 b5 10. a3 Qd7 11. h3 Bb7 12. e4 g6 13. g4 Qc6 14. O-O-O Nd7 15. d4 O-O 16. dxe5 dxe5 17. Nxe5 Nxe5 18. Bxe5 Bxa3+ 19. Bb2 Bxb2+ 20. Kxb2 Rfe8 21. Rhe1 a5 22. f4 a4 23. e5 a3+ 24. Ka2 Qxc2+ 0-1

[Event "8.Open B Week-End"]
[Site "Padova"]
[Date "2005.12.10"]
[Round "1.21"]
[White "Lavric, Mihail"]
[Black "Adami, Igor"]
[Result "1-0"]
[WhiteElo "1971"]
[BlackElo "1616"]
[Annotator "Gabriele Ballarin"]
[PlyCount "105"]
[EventDate "2005.12.10"]
[EventType "swiss"]
[EventRounds "6"]
[EventCountry "ITA"]

1. d4 Nf6 2. c4 e6 3. Nf3 d5 4. Nc3 b6 5. Bg5 Be7 6. e3 Nbd7 7. Be2 Bb7 8. O-O O-O 9. Rc1 c5 10. h3 Rc8 11. cxd5 Nxd5 12. Bxe7 Qxe7 13. Nxd5 Bxd5 14. b3 Bb7 15. Bc4 Rfd8 16. Qe2 Nf6 17. Ba6 cxd4 18. Nxd4 Nd5 19. Bxb7 Qxb7 20. Qb2 Rd7 21. Rxc8+ Qxc8 22. Rc1 Rc7 23. Rxc7 Qxc7 24. Nb5 Qd7 25. Qe5 Qb7 26. Qd6 h6 27. Qd8+ Kh7 28. Nd6 Qe7 29. Qxe7 Nxe7 30. Nxf7 Kg6 31. Nd6 Kf6 32. Nb5 Nc6 33. Kf1 Ke5 34. Nc3 Kd6 35. Ke2 Kc5 36. a3 a5 37. f4 b5 38. Ne4+ Kd5 39. Kd3 b4 40. a4 Ne7 41. Nd2 Nc6 42. Nc4 g6 43. g4 g5 44. e4+ Kc5 45. f5 exf5 46. gxf5 Nd8 47. Nxa5 Nf7 48. Nc4 h5 49. e5 Kd5 50. e6 Nd6 51. Nxd6 Kxd6 52. Ke3 Ke7 53. a5 1-0

[Event "8.Open B Week-End"]
[Site "Padova"]
[Date "2005.12.10"]
[Round "1.22"]
[White "Borsato, Mirko"]
[Black "Pomaro, Alberto"]
[Result "0-1"]
[WhiteElo "1613"]
[BlackElo "1971"]
[Annotator "Gabriele Ballarin"]
[PlyCount "74"]
[EventDate "2005.12.10"]
[EventType "swiss"]
[EventRounds "6"]
[EventCountry "ITA"]

1. Nf3 Nf6 2. d4 g6 3. Bg5 Bg7 4. c4 O-O 5. Nc3 d6 6. e4 Nbd7 7. Bd3 c6 8. O-O Qc7 9. Rc1 a6 10. Re1 e5 11. d5 cxd5 12. cxd5 Qa5 13. a3 Rb8 14. Bd2 Qd8 15. b4 Ne8 16. Rc2 f5 17. Bg5 Ndf6 18. Qc1 f4 19. Bc4 h6 20. Bxf6 Qxf6 21. Na4 b5 22. Be2 Bd7 23. Nb2 g5 24. h3 Qg6 25. Nd2 h5 26. Qd1 g4 27. hxg4 hxg4 28. Bd3 Kf7 29. f3 Rh8 30. fxg4 Qh6 31. Nf3 Nf6 32. Ng5+ Qxg5 33. Rc7 Qh4 34. Rxd7+ Nxd7 35. Be2 Qh2+ 36. Kf2 Qg3+ 37. Kg1 Qe3+ 0-1

[Event "8.Open B Week-End"]
[Site "Padova"]
[Date "2005.12.10"]
[Round "1.23"]
[White "Pirpamper, Klaus"]
[Black "Cestonaro, Federico"]
[Result "1-0"]
[WhiteElo "1952"]
[BlackElo "1601"]
[Annotator "Gabriele Ballarin"]
[PlyCount "87"]
[EventDate "2005.12.10"]
[EventType "swiss"]
[EventRounds "6"]
[EventCountry "ITA"]

1. d4 d5 2. c4 c6 3. Nf3 Nf6 4. Nc3 dxc4 5. e4 b5 6. e5 Nd5 7. a4 e6 8. Ng5 Bb4 9. Nge4 Qh4 10. Qf3 h6 11. Bd2 O-O 12. axb5 Bxc3 13. bxc3 cxb5 14. Nd6 Bd7 15. Ra5 Bc6 16. Qg3 Qxg3 17. hxg3 a6 18. Be2 Nd7 19. O-O N7b6 20. Bf3 Nc8 21. Bxd5 Bxd5 22. Nxc8 Rfxc8 23. Rfa1 Bb7 24. Bc1 b4 25. cxb4 c3 26. Rc5 Kf8 27. f3 Ke8 28. Ra3 Rxc5 29. dxc5 Kd7 30. Rxc3 Bd5 31. Ra3 Kc6 32. Ra5 Bc4 33. Kf2 Rd8 34. Ke3 Rd1 35. Bd2 Rg1 36. Kf2 Rf1+ 37. Ke3 Rg1 38. Kd4 Rxg2 39. Kxc4 Rxd2 40. Rxa6+ Kb7 41. Kb5 Rb2 42. c6+ Kb8 43. Ra4 Kc7 44. Ra7+ 1-0

[Event "8.Open B Week-End"]
[Site "Padova"]
[Date "2005.12.10"]
[Round "1.25"]
[White "Sinato, Fabrizio"]
[Black "Xhani, Bujar"]
[Result "1-0"]
[WhiteElo "1942"]
[BlackElo "1596"]
[Annotator "Gabriele Ballarin"]
[PlyCount "137"]
[EventDate "2005.12.10"]
[EventType "swiss"]
[EventRounds "6"]
[EventCountry "ITA"]

1. e4 Nf6 2. e5 Nd5 3. d4 d6 4. Nf3 Bg4 5. Bc4 e6 6. h3 Bh5 7. O-O Be7 8. Bb5+ c6 9. Be2 Bxf3 10. Bxf3 dxe5 11. dxe5 Nd7 12. Qe2 Qc7 13. c4 N5b6 14. Bf4 O-O-O 15. a3 g5 16. Bg3 Nc5 17. Nc3 Nb3 18. Rad1 Nd4 19. Qe4 Nxf3+ 20. Qxf3 Rdf8 21. b3 h5 22. Ne4 Nd7 23. Qc3 h4 24. Bh2 Rh6 25. b4 g4 26. Rd3 gxh3 27. Rxh3 Rg6 28. Rd1 Rfg8 29. Nd6+ Bxd6 30. exd6 Rxg2+ 31. Kf1 Qd8 32. Bg3 hxg3 33. Kxg2 gxf2+ 34. Kxf2 e5 35. Qf3 Qg5 36. Rg3 Qh4 37. Rdg1 Nf6 38. R1g2 Rxg3 39. Qxg3 Qxg3+ 40. Kxg3 Ne4+ 41. Kh4 Nxd6 42. c5 Nc4 43. Rg3 Kd7 44. Rc3 b5 45. cxb6 Nxb6 46. Kg5 Nd5 47. Rc5 Kd6 48. Kf5 f6 49. Ra5 Ne7+ 50. Kxf6 e4 51. Re5 Nd5+ 52. Kf5 e3 53. Re6+ Kd7 54. Re4 Kd6 55. Re6+ Kd7 56. Re4 Kd6 57. Kg5 a6 58. Kh4 c5 59. bxc5+ Kxc5 60. Kg3 a5 61. Kf3 e2 62. Rxe2 Kc4 63. Re5 a4 64. Ke2 Kb3 65. Rxd5 Kxa3 66. Kd2 Kb3 67. Rb5+ Ka2 68. Kc2 a3 69. Ra5 1-0

[Event "8.Open B Week-End"]
[Site "Padova"]
[Date "2005.12.10"]
[Round "1.26"]
[White "Barbetta, Cosimo"]
[Black "Demiraj, Rumi"]
[Result "0-1"]
[WhiteElo "1586"]
[BlackElo "1925"]
[Annotator "Gabriele Ballarin"]
[PlyCount "87"]
[EventDate "2005.12.10"]
[EventType "swiss"]
[EventRounds "6"]
[EventCountry "ITA"]

1. e4 c6 2. c3 d5 3. Bd3 e5 4. Nf3 Bd6 5. Bc2 Bg4 6. h3 Bh5 7. d3 Ne7 8. Be3 O-O 9. Nbd2 Nd7 10. Bg5 f6 11. Bh4 g5 12. Bg3 f5 13. Qc1 h6 14. Bh2 Bg6 15. Bb3 Nc5 16. Qc2 Qc7 17. O-O-O Kh7 18. d4 exd4 19. Bxd6 Qxd6 20. Nxd4 fxe4 21. Nf1 Nd3+ 22. Rxd3 exd3 23. Qd2 c5 24. Nf3 a5 25. Ne3 b5 26. h4 g4 27. Nxg4 Qf4 28. Nge5 Qxd2+ 29. Kxd2 Be4 30. Re1 c4 31. Bd1 b4 32. g4 bxc3+ 33. Kxc3 Ra6 34. h5 Nc6 35. g5 Nxe5 36. Nxe5 Rxf2 37. g6+ Kg7 38. Nxc4 Rc6 39. b3 Rxa2 40. Kd4 Rf6 41. Ne3 d2 42. Rg1 a4 43. Nxd5 Bxd5 44. Kxd5 0-1

[Event "8.Open B Week-End"]
[Site "Padova"]
[Date "2005.12.10"]
[Round "1.27"]
[White "Pomaro, Stefano"]
[Black "Benedetti, Maurizio"]
[Result "1-0"]
[WhiteElo "1919"]
[BlackElo "1559"]
[Annotator "Gabriele Ballarin"]
[PlyCount "63"]
[EventDate "2005.12.10"]
[EventType "swiss"]
[EventRounds "6"]
[EventCountry "ITA"]

1. e4 e5 2. Nf3 Nc6 3. Nc3 d6 4. Bb5 Bd7 5. d4 Nf6 6. Bg5 Be7 7. Qd3 Ng4 8. Bxe7 Nxe7 9. Bxd7+ Qxd7 10. h3 exd4 11. Nxd4 Ne5 12. Qg3 O-O-O 13. O-O-O g6 14. f4 N5c6 15. Nb3 Qe6 16. Rhe1 f5 17. exf5 Nxf5 18. Qf2 Qf7 19. Ne4 Rhe8 20. Ng5 Qg8 21. g4 Rxe1 22. Rxe1 Ng7 23. Qd2 Re8 24. Rxe8+ Nxe8 25. Qe3 Nf6 26. Ne6 Kd7 27. f5 gxf5 28. gxf5 Nd5 29. Qf2 Nde7 30. Nbd4 Nxd4 31. Nxd4 Qg5+ 32. Kd1 1-0

[Event "8.Open B Week-End"]
[Site "Padova"]
[Date "2005.12.10"]
[Round "1.28"]
[White "Baschirotto, Marco Dante"]
[Black "Busi, Massimo"]
[Result "0-1"]
[WhiteElo "1544"]
[BlackElo "1849"]
[Annotator "Gabriele Ballarin"]
[PlyCount "132"]
[EventDate "2005.12.10"]
[EventType "swiss"]
[EventRounds "6"]
[EventCountry "ITA"]

1. c4 g6 2. Nc3 Bg7 3. g3 c5 4. Bg2 Nc6 5. Nf3 d6 6. O-O Nf6 7. d3 O-O 8. Rb1 Rb8 9. a3 a5 10. Ne1 Qb6 11. Nb5 d5 12. b3 d4 13. Nc2 Na7 14. a4 Nxb5 15. axb5 Ne8 16. Bb2 e5 17. e4 f5 18. Ra1 f4 19. Bc1 g5 20. g4 Qd8 21. h3 b6 22. f3 Kf7 23. Bd2 Be6 24. Be1 Rh8 25. Kf2 Nd6 26. Rh1 h5 27. Ke2 Bf6 28. Kd2 Qd7 29. Bf2 Nxb5 30. cxb5 Bxb3 31. Qb1 Qxb5 32. Na3 Qb4+ 33. Ke2 c4 34. Be1 c3 35. Nc2 Bxc2 36. Qxc2 b5 37. Rb1 Qd6 38. Bxc3 dxc3 39. Qa2+ Kg6 40. Qxa5 b4 41. Rhc1 Rhd8 42. Qd5 Qxd5 43. exd5 Be7 44. Rb3 Rb5 45. Rcxc3 Rdxd5 46. Rc6+ Rd6 47. Rxd6+ Bxd6 48. Kd2 Ra5 49. Kc2 hxg4 50. fxg4 Kf6 51. Be4 Ke6 52. Kb1 Bc5 53. Rb2 Ra7 54. Ra2 Kd6 55. Rxa7 Bxa7 56. Kc2 Bf2 57. Kb3 Kc5 58. Kc2 Kd4 59. Kd2 b3 60. Bf5 f3 61. Be6 Be3+ 62. Ke1 b2 63. Ba2 Kxd3 64. Bb1+ Kd4 65. Kf1 e4 66. Ke1 Ke5 0-1

[Event "8.Open B Week-End"]
[Site "Padova"]
[Date "2005.12.10"]
[Round "1.29"]
[White "De Biaggi, Paolo"]
[Black "Di Mauro, Valerio"]
[Result "1/2-1/2"]
[WhiteElo "1877"]
[BlackElo "1526"]
[Annotator "Gabriele Ballarin"]
[PlyCount "92"]
[EventDate "2005.12.10"]
[EventType "swiss"]
[EventRounds "6"]
[EventCountry "ITA"]

1. e4 c6 2. d4 d5 3. exd5 cxd5 4. Bd3 Nc6 5. c3 Nf6 6. Ne2 e5 7. dxe5 Nxe5 8. Bc2 h6 9. Be3 b6 10. Bd4 Bd6 11. h3 O-O 12. Nd2 Re8 13. O-O Bd7 14. f4 Nc6 15. Nf3 Nxd4 16. Nfxd4 Qc7 17. Qd2 Rac8 18. Bd3 a6 19. Bxa6 Ne4 20. Qc2 Ra8 21. Bd3 Bc5 22. Bxe4 Rxe4 23. b4 Bxd4+ 24. Nxd4 Rxd4 25. Rf3 Rxf4 26. Rg3 Rf1+ 27. Rxf1 Qxg3 28. Rf3 Qg5 29. Qf2 Re8 30. a4 Bxa4 31. Qxb6 Re1+ 32. Kh2 Qe5+ 33. Rg3 h5 34. b5 h4 35. Qd8+ Qe8 36. Qxh4 Bxb5 37. Qg5 g6 38. Qxd5 Qb8 39. c4 Ba4 40. c5 Rh1+ 41. Kxh1 Qxg3 42. Qd8+ Kg7 43. Qd4+ Kg8 44. Qxa4 Qe1+ 45. Kh2 Qe5+ 46. Kg1 Qxc5+ 1/2-1/2

[Event "8.Open B Week-End"]
[Site "Padova"]
[Date "2005.12.10"]
[Round "1.30"]
[White "Menin, Massimo"]
[Black "Pedrotti, Luciano"]
[Result "1-0"]
[WhiteElo "1523"]
[BlackElo "1863"]
[Annotator "Gabriele Ballarin"]
[PlyCount "121"]
[EventDate "2005.12.10"]
[EventType "swiss"]
[EventRounds "6"]
[EventCountry "ITA"]

1. Nf3 Nc6 2. d4 d5 3. g3 Nf6 4. Bg2 e6 5. O-O Be7 6. Nc3 O-O 7. Bg5 Re8 8. Re1 a6 9. e4 dxe4 10. Nxe4 Nxe4 11. Bxe7 Nxf2 12. Bxd8 Nxd1 13. Rexd1 Rxd8 14. c3 Rb8 15. a4 Ne7 16. b4 Nd5 17. Rd3 b5 18. a5 Bb7 19. Rad1 c6 20. Nd2 Re8 21. Nb3 Rbd8 22. Nc5 Bc8 23. Re1 Rd6 24. Ne4 Rd7 25. Nc5 Rde7 26. Bh3 h5 27. Re5 g6 28. Rg5 Kg7 29. Re5 h4 30. Kf2 hxg3+ 31. hxg3 f6 32. Re2 f5 33. Re5 Nf6 34. Bg2 Ng4+ 35. Kf3 Kf6 36. Rde3 Nxe3 37. Kxe3 Rc7 38. Bf3 Rh8 39. g4 Rh3 40. g5+ Kf7 41. Kf4 Rxf3+ 42. Kxf3 Re7 43. Nd3 Bb7 44. Kf4 Rd7 45. Nc5 Re7 46. Nd3 Bc8 47. Rc5 Rc7 48. Ne5+ Kg7 49. Rxc6 Rxc6 50. Nxc6 Bb7 51. Ne5 Bd5 52. Nd7 Kf7 53. Nc5 Ke7 54. Nxa6 Kd6 55. Nc5 Bh1 56. Nd3 Kd5 57. Ne5 Bg2 58. a6 Kd6 59. Nxg6 Kc6 60. Ne5+ Kb6 61. g6 1-0

[Event "8.Open B Week-End"]
[Site "Padova"]
[Date "2005.12.10"]
[Round "1.31"]
[White "Rodeghiero, Andrea"]
[Black "Mancin, Michele"]
[Result "1-0"]
[WhiteElo "1494"]
[BlackElo "1862"]
[Annotator "Gabriele Ballarin"]
[PlyCount "57"]
[EventDate "2005.12.10"]
[EventType "swiss"]
[EventRounds "6"]
[EventCountry "ITA"]

1. c4 Nf6 2. Nf3 c6 3. Nc3 d5 4. cxd5 Nxd5 5. g3 Bg4 6. Bg2 Nxc3 7. bxc3 g6 8. Qb3 Qc7 9. Rb1 Bc8 10. d4 Bg7 11. Bf4 Qd7 12. Ne5 Bxe5 13. dxe5 O-O 14. Rd1 Qe6 15. Qa3 Na6 16. h4 Qc4 17. Qxe7 Nc5 18. Bh6 Ne6 19. Bxf8 Nxf8 20. Rd8 Qxc3+ 21. Kd1 Qa1+ 22. Kd2 Qb2+ 23. Ke1 Qc3+ 24. Kd1 Qa1+ 25. Kd2 Qb2+ 26. Ke3 Qb6+ 27. Kf4 Qxf2+ 28. Bf3 g5+ 29. Qxg5+ 1-0

[Event "8.Open B Week-End"]
[Site "Padova"]
[Date "2005.12.10"]
[Round "1.32"]
[White "Scandiuzzi, Roberto"]
[Black "Marson, Antonio"]
[Result "0-1"]
[WhiteElo "1491"]
[BlackElo "1854"]
[Annotator "Gabriele Ballarin"]
[PlyCount "32"]
[EventDate "2005.12.10"]
[EventType "swiss"]
[EventRounds "6"]
[EventCountry "ITA"]

1. d4 d5 2. c4 c6 3. Nf3 Nf6 4. cxd5 cxd5 5. Bg5 e6 6. e3 a6 7. Bd3 Be7 8. Bxf6 Bxf6 9. O-O O-O 10. Qc2 g6 11. Nc3 Nc6 12. a3 Bd7 13. b4 b5 14. Rfe1 Rc8 15. e4 Nxd4 16. Nxd4 Bxd4 0-1

[Event "8.Open B Week-End"]
[Site "Padova"]
[Date "2005.12.10"]
[Round "1.33"]
[White "Tomio, Dante"]
[Black "Banovi, Alit"]
[Result "1-0"]
[WhiteElo "1831"]
[BlackElo "1954"]
[Annotator "Gabriele Ballarin"]
[PlyCount "88"]
[EventDate "2005.12.10"]
[EventType "swiss"]
[EventRounds "6"]
[EventCountry "ITA"]

1. d4 d5 2. Nf3 Nf6 3. Bg5 e6 4. Nbd2 Be7 5. e3 h6 6. Bf4 c5 7. c3 Nc6 8. Bd3 a6 9. Qe2 b5 10. Ne5 Nxe5 11. dxe5 Nd7 12. Nf3 Bb7 13. O-O g5 14. Bg3 h5 15. h3 c4 16. Bc2 Qc7 17. e4 Nc5 18. exd5 Bxd5 19. Nd4 Qb7 20. f3 h4 21. Bh2 Nd3 22. b3 Nc5 23. Rfd1 O-O-O 24. b4 Nd7 25. a4 Nb8 26. axb5 axb5 27. Ra5 Bc6 28. Rda1 Qb6 29. Kh1 Rxd4 30. cxd4 Bxb4 31. Ra7 Bc3 32. R1a2 Bxd4 33. Rxf7 Rd8 34. Be4 Rd7 35. Rxd7 Bxd7 36. f4 gxf4 37. Bxf4 Qc5 38. Qh5 Qf8 39. Qf3 Kc7 40. Ra8 Qb4 41. Qd1 Qc3 42. Bd2 Qb2 43. Ba5+ Kc8 44. Qf1 Bc5 1-0

[Event "8.Open B Week-End"]
[Site "Padova"]
[Date "2005.12.10"]
[Round "1.35"]
[White "Calicchia, Giovanni"]
[Black "Padoan, Riccardo"]
[Result "1-0"]
[WhiteElo "1808"]
[BlackElo "1455"]
[Annotator "Gabriele Ballarin"]
[PlyCount "75"]
[EventDate "2005.12.10"]
[EventType "swiss"]
[EventRounds "6"]
[EventCountry "ITA"]

1. e4 e5 2. Nf3 Nc6 3. Bc4 Nf6 4. Ng5 d5 5. exd5 Nxd5 6. Nxf7 Kxf7 7. Qf3+ Ke8 8. Bxd5 Qf6 9. Bxc6+ Qxc6 10. Qxc6+ bxc6 11. O-O Bd6 12. Re1 Kd7 13. Nc3 Bb7 14. d3 Rhg8 15. Ne4 c5 16. Be3 Bxe4 17. dxe4 g5 18. Rad1 Kc6 19. Rd3 g4 20. c4 Rab8 21. Bc1 h5 22. Ra3 Rb7 23. Ree3 h4 24. Reb3 Rxb3 25. Rxb3 a5 26. Rb5 Ra8 27. a4 Ra6 28. Bd2 Rb6 29. Bc3 Rxb5 30. axb5+ Kb6 31. b3 c6 32. bxc6 Kxc6 33. Bxa5 Kd7 34. f3 gxf3 35. gxf3 Ke6 36. Kg2 Be7 37. Kh3 Kf7 38. Be1 1-0

[Event "8.Open B Week-End"]
[Site "Padova"]
[Date "2005.12.10"]
[Round "1.36"]
[White "Bano, Paolo"]
[Black "Battagin_214, Mosè"]
[Result "0-1"]
[WhiteElo "1434"]
[BlackElo "1802"]
[Annotator "Gabriele Ballarin"]
[PlyCount "120"]
[EventDate "2005.12.10"]
[EventType "swiss"]
[EventRounds "6"]
[EventCountry "ITA"]

1. e4 d6 2. Nf3 Nf6 3. d3 g6 4. g3 Bg7 5. Bg2 c5 6. O-O Nc6 7. c3 O-O 8. Bg5 Rb8 9. Qd2 Bg4 10. Bh6 Bxf3 11. Bxf3 Ne5 12. Be2 Qd7 13. Kg2 b5 14. Bxg7 Kxg7 15. b3 Qb7 16. f3 Rfc8 17. Na3 b4 18. Nc2 bxc3 19. Qxc3 Kg8 20. Ne3 Qb4 21. Qxb4 Rxb4 22. Nc4 Nc6 23. Kf2 Nd4 24. Rfc1 Nd7 25. f4 Nb6 26. Ne3 a5 27. Nc2 Nxc2 28. Rxc2 Rb8 29. Bd1 Nc8 30. Rc4 Rxc4 31. dxc4 Na7 32. Bc2 Nc6 33. Rd1 Nd4 34. Rd2 h5 35. Ke3 Kg7 36. Bd1 Rb4 37. Rb2 e5 38. Kd3 Kf6 39. Rf2 Ke7 40. h3 Rb8 41. Kc3 Nc6 42. g4 hxg4 43. Bxg4 exf4 44. Rxf4 Ne5 45. Be2 a4 46. Bd1 axb3 47. Bxb3 g5 48. Rf1 Rh8 49. Rh1 Rh4 50. Bc2 g4 51. a4 Rxh3+ 52. Rxh3 gxh3 53. a5 h2 54. a6 Nc6 55. e5 h1=Q 56. exd6+ Kxd6 57. Kb2 Nb4 58. Bb3 Nxa6 59. Ka3 Qa1+ 60. Ba2 Nb4 0-1

[Event "8.Open B Week-End"]
[Site "Padova"]
[Date "2005.12.10"]
[Round "1.37"]
[White "Fracasso Pezzolato, Michele"]
[Black "Peluso, Lorenzo"]
[Result "1-0"]
[WhiteElo "1799"]
[BlackElo "1428"]
[Annotator "Gabriele Ballarin"]
[PlyCount "79"]
[EventDate "2005.12.10"]
[EventType "swiss"]
[EventRounds "6"]
[EventCountry "ITA"]

1. e4 c6 2. d4 d5 3. Nc3 dxe4 4. f3 exf3 5. Nxf3 Bg4 6. Bc4 e6 7. O-O Nf6 8. Qd3 Be7 9. Ne5 O-O 10. Rxf6 Bxf6 11. Nxg4 Qxd4+ 12. Nf2 Nd7 13. Be3 Qxd3 14. Nxd3 a5 15. a4 Rfd8 16. Ne4 Rac8 17. Nxf6+ Nxf6 18. Bb6 Rd7 19. Ne5 Rd2 20. Bd3 Ra8 21. Be3 Rxd3 22. Nxd3 Nd5 23. Bd2 b6 24. Rf1 Rd8 25. Ne5 f6 26. Nxc6 Rc8 27. c4 Rxc6 28. cxd5 exd5 29. Rc1 Re6 30. Kf2 Kf8 31. Be3 Re4 32. Rc8+ Kf7 33. Bxb6 Rxa4 34. Ke3 Rb4 35. Rc7+ Ke8 36. Bd4 Rb3+ 37. Kd2 Kf8 38. Rc5 Rb4 39. Rxd5 Kf7 40. Bc3 1-0

[Event "8.Open B Week-End"]
[Site "Padova"]
[Date "2005.12.10"]
[Round "1.38"]
[White "Chiodini, Sebastiano"]
[Black "Pelosin, Matteo"]
[Result "0-1"]
[WhiteElo "1419"]
[BlackElo "1769"]
[Annotator "Gabriele Ballarin"]
[PlyCount "74"]
[EventDate "2005.12.10"]
[EventType "swiss"]
[EventRounds "6"]
[EventCountry "ITA"]

1. e4 e6 2. d4 d5 3. Nd2 Nf6 4. e5 Nfd7 5. Ngf3 c5 6. c3 Nc6 7. Bb5 Qb6 8. Qa4 a6 9. Bxc6 bxc6 10. O-O cxd4 11. cxd4 c5 12. Nb3 Qb5 13. Qxb5 axb5 14. dxc5 Nxc5 15. Nbd4 Bd7 16. Be3 f6 17. Rfd1 Na6 18. a3 Bc5 19. Rac1 Rb8 20. Rd3 Kf7 21. Nb3 Be7 22. Rdc3 Rhc8 23. Nc5 Nxc5 24. Bxc5 Bd8 25. Bd6 Rxc3 26. Rxc3 Rc8 27. Rxc8 Bxc8 28. Kf1 Bb6 29. Ke2 Bb7 30. Nd2 Bd4 31. Nf3 Bxb2 32. Kd3 Ba1 33. Kc2 d4 34. Kb3 Bd5+ 35. Kb4 Bc3+ 36. Kxb5 Bxf3 37. Kc4 Bxg2 0-1

[Event "8.Open B Week-End"]
[Site "Padova"]
[Date "2005.12.11"]
[Round "2.1"]
[White "Marson, Luca"]
[Black "Biserni, Federica"]
[Result "1-0"]
[WhiteElo "1972"]
[BlackElo "1401"]
[Annotator "Gabriele Ballarin"]
[PlyCount "41"]
[EventDate "2005.12.10"]
[EventType "swiss"]
[EventRounds "6"]
[EventCountry "ITA"]

1. e4 e5 2. f4 exf4 3. Nf3 Nf6 4. e5 Ng4 5. h3 Nh6 6. d4 g5 7. Bc4 d5 8. exd6 Bxd6 9. O-O Nc6 10. Re1+ Ne7 11. Nxg5 Bf5 12. Qh5 O-O 13. Qxh6 Bc5 14. Nf3 Bxd4+ 15. Kh1 Ng6 16. Nc3 Bf2 17. Bxf4 Bxe1 18. Rxe1 Bxc2 19. Bg5 Qd6 20. Nd5 Rae8 21. Nf6+ 1-0